BSOP header

Gandhi : (Record no. 27141)

MARC details
000 -LEADER
fixed length control field 00588nam a2200169 4500
008 - FIXED-LENGTH DATA ELEMENTS--GENERAL INFORMATION
fixed length control field 060727s2001 ph 0 eng
020 ## - INTERNATIONAL STANDARD BOOK NUMBER
International Standard Book Number 9715061648 :
Terms of availability Php300/225
090 ## - LOCALLY ASSIGNED LC-TYPE CALL NUMBER (OCLC); LOCAL CALL NUMBER (OCLC)
Classification number (OCLC) (R) ; Classification number, CALL (RLIN) (NR) DS481.G3
Local cutter number (OCLC) ; Book number/undivided call number, CALL (RLIN) C44g
100 1# - MAIN ENTRY--PERSONAL NAME
Personal name Chittilappilly, Vincent
245 10 - TITLE STATEMENT
Title Gandhi :
Remainder of title the model ascetic /
Statement of responsibility, etc Vincent Chittilappilly.
260 ## - PUBLICATION, DISTRIBUTION, ETC. (IMPRINT)
Place of publication, distribution, etc Manila :
Name of publisher, distributor, etc UST Publishing House,
Date of publication, distribution, etc 2001.
300 ## - PHYSICAL DESCRIPTION
Extent x, 183 p.
504 ## - BIBLIOGRAPHY, ETC. NOTE
Bibliography, etc Selected bibliography (pp. 163-183).
600 14 - SUBJECT ADDED ENTRY--PERSONAL NAME
Personal name Gandhi, Mahatma,
Dates associated with a name 1869-1948
General subdivision Religion.
650 #4 - SUBJECT ADDED ENTRY--TOPICAL TERM
Topical term or geographic name as entry element Ascetism.
951 ## - EQUIVALENCE OR CROSS-REFERENCE-GEOGRAPHIC NAME/AREA NAME [OBSOLETE] [CAN/MARC only]
General subdivision 00033259
951 ## - EQUIVALENCE OR CROSS-REFERENCE-GEOGRAPHIC NAME/AREA NAME [OBSOLETE] [CAN/MARC only]
-- 29730
-- DS481.G3/C44g
-- 070613111603031
-- 2000-12-21
-- FIL
Holdings
Withdrawn status Lost status Damaged status Not for loan Home library Current library Shelving location Date acquired Accession number Shelving control number Total Checkouts Full call number Barcode Date last seen Price effective from Koha item type
        BSOP Library BSOP Library Filipiniana 12/21/2000 29730 127   DS481.G3/C44g 00033259 02/23/2013 02/23/2013 Books
BSOP

Biblical Seminary of the Philippines
  All rights Reserved
  © 2024

CONTACT INFORMATION

Biblical Seminary of the Philippines,
  77-B Karuhatan Road, Valenzuela City,
  PHILIPPINES 1441
  Phone: +632 8292-6795 / 8292-6798
  Fax : +632 8292-6675
  Email: library@bsop.edu.ph